000 00522nam a2200169Ia 4500
008 090201s9999 xx 000 0 und d
010 _aKPL-26447
040 _bमराठी
041 _aमराठी
082 _a22350
_b26447
100 _aवा शि आपटे
245 _aध्येय असे गाठाल
_cवा शि आपटे
260 _c2004
_bवरदा बुक्स
300 _a103
_bलहान
600 _aध्येय असे गाठाल
942 _cBOOK
999 _c221885
_d221885